| 000 | 00335nam a22001457a 4500 | ||
|---|---|---|---|
| 003 | SGT | ||
| 020 | _a935451615-7 | ||
| 082 |
_a344.041 _bCHA |
||
| 100 | _aCHANDAK, SHYAM | ||
| 245 | _aPHARMACY LAW AND ETHICS | ||
| 260 |
_aINDIA _bNIRALI PRAKASHAN _c2022 |
||
| 300 | _a20.6 | ||
| 650 | _aPHARMACY LAW AND ETHICS | ||
| 942 |
_2ddc _cBK |
||
| 999 |
_c32480 _d32480 |
||